000 00413nam a22001697a 4500
005 20180613172036.0
008 160526b xxu||||| |||| 00| 0 eng d
020 _a978-81-203-2894-5
041 _aeng
082 _b5298
_a657.42
100 _aBanerjee, Bhabatosh
_92271
245 _aCost Accounting
260 _aNew Delhi
_bAcademic Faundation
300 _a959
650 _aManagement
_9241
942 _cBK
999 _c1855
_d1854